000 02469nam0a2200361 4500
001 RU\NLR\bibl\899116
005 20260407132801.0
021 _aRU
_b2005-80364
_93969
035 _a(NLR Aleph) 000887563
090 _a1697901
_c1697901
100 _a20060123d2005 |||y0rusy50 ca
101 0 _arus
_aeng
_deng
102 _aRU
105 _aa |||||||||
200 1 _aМатериалы четырнадцатой научно-технической конференции "Системы безопасности" - СБ-2005 Международного форума информатизации, 27, 28 октября 2005, Москва
_dProceedings of Fourteenth Scientific-technical conference "Safety systems" - SS-2005 of International informatization forum, October 27, 28 2005, Moscow
_f[редкол.: д.т.н. проф. Н.Г. Топольский (отв. ред.) и др.]
_zeng
210 _aМосква
_cАкадемия ГПС МЧС России
_d2005
215 _a299 с.
_cил.
_d21
300 _aВ надзаг.: Акад. ГПС МЧС России, Междунар. акад. информатизации, Междунар. ассоц. "Системсервис", Секция геополитики и безопасности РАЕН
300 _aТекст докл. на рус. и англ. яз.
300 _aРез. на англ. яз.
320 _aБиблиогр. в конце отд. докл.
510 1 _6z01791
_aProceedings of Fourteenth Scientific-technical conference "Safety systems" - SS-2005 of International informatization forum, October 27, 28 2005, Moscow
_zeng
606 1 _aПожарная охрана
_jСъезды, совещания и т.п.
_9904326
_3RU\NLR\auth\669327
686 _aН96я431(0)
702 1 _4340
_7ca
_8rus
_aТопольский
_bН. Г.
_gНиколай Григорьевич
_9114153
_3RU\NLR\auth\774168
710 1 2 _4070
_a"Системы безопасности", научно-техническая конференция
_d14
_eМосква
_f2005
_9660205
_3RU\NLR\AUTH\8810079036
711 1 2 _4070
_aМеждународный форум информатизации
_eМосква
_f2005
_9660210
_3RU\NLR\AUTH\8810079038
791 1 2 _4070
_7ba
_8eng
_a"Safety systems", scientific-technical conference
_d14
_eMoscow
_f2005
_9660208
_3RU\NLR\auth\8810079037
801 0 _aRU
_bNLR
_c20060123
_grcr
801 1 _aRU
_bNLR
_c20060123
942 _cBOOK
980 _aNB